Pomocník z matematiky pre 6. ročník ZŠ 1. zošit

Bibliographic Details
Main Authors: Berová, Zuzana, 1966- (Author), Bero, Peter, 1950- (Author)
Other Authors: Csiba, Viktor (Illustrator)
Format: Book
Language:Slovak
PhysicalDescription:78 s. fareb. ilustr., tab. 30 cm
Published: Bratislava Orbis Pictus Istropolitana 2004
ISBN:8071585009
Edition:[1. vyd.]
Subjects:

MARC

LEADER 00000nam a2200000 a 4500
001 vtls001486961
003 SK-MaSNL
005 20260302073749.0
008 240226s2004 xo al b p 000 0 slo
015 |a SNBA2005/04-01458 
020 |a 8071585009  |q (brož.) 
035 |a SNK000442253 
035 |a urn:nbn:sk:snk-amlusb 
035 |a urn:nbn:sk:snk-am00cckc 
035 |a 17FC7F4A-B728-4F73-95B8-72753B0DE96C 
040 |a SNK  |b slo  |c SNK  |e AACR2 
041 0 |a slo 
044 |a xo  |c SK 
072 7 |a 51  |x Matematika  |2 konspekt 
072 7 |a 37.016  |x Učebné osnovy. Vyučovacie predmety. Učebnice  |2 konspekt 
080 |a (075.2)  |2 MDT-MRF 
080 |a (076.1)  |2 MDT-MRF 
080 |a 51  |2 MDT-MRF 
100 1 |a Berová, Zuzana,  |d 1966-  |4 aut  |9 67320 
245 1 0 |a Pomocník z matematiky pre 6. ročník ZŠ  |n 1. zošit  |c Zuzana Berová, Peter Bero ; [ilustrácie Viktor Csiba] 
250 |a [1. vyd.] 
260 |a Bratislava  |b Orbis Pictus Istropolitana  |c 2004 
300 |a 78 s.  |b fareb. ilustr., tab.  |c 30 cm 
500 |a Ilustr. tit. strana 
650 0 7 |a matematika  |2 SNKPH  |9 70174 
655 7 |a učebnice základných škôl  |2 SNKPH  |9 70187 
655 7 |a pracovné zošity  |2 SNKPH  |9 70188 
700 1 |a Bero, Peter,  |d 1950-  |4 aut  |9 215146 
700 1 |a Csiba, Viktor  |4 ill  |9 213396 
919 |a 80-7158-500-9 
999 |c 1162265  |d 1164195 
952 |t P60, <03>, [BOOK], {603}, -K-  |a SNK  |b SNK  |y PREZ  |7 0  |p 17A0453571  |o snkSB 69725/1  |i snkKSP 15754/2004  |0 0  |1 0  |4 0  |d 2004-12-13  |f 1  |l 0  |r 2025-04-23 00:00:00  |w 2026-02-24 
952 |t P60, <04>, [BOOK], {604}, -W-  |a SNK  |b SNK  |y VYP  |7 0  |p 17A0453572  |o snkSB 69725/1 D1  |i snkKSP 15755/2004  |0 0  |1 0  |4 0  |d 2004-12-13  |l 0  |r 2005-01-02 00:00:00  |w 2026-02-24